| 000 | 01279aab a2200193 i 4500 | ||
|---|---|---|---|
| 001 | 768714001 | ||
| 003 | CO-MdFUSB | ||
| 005 | 20221116165537.0 | ||
| 008 | 221116s2002 sp ||||| |||| 00| 0 spa d | ||
| 040 |
_bspa _cCO-MdFUSB _dCO-MdFUSB |
||
| 041 | _aspa | ||
| 100 | 1 |
_aGuardiola Sáenz, Leticia A. _eautor |
|
| 245 | 1 | 0 |
_aMinorías en medio de la prosperidad _c/ Leticia A. Guardiola Sáenz |
| 300 |
_aNúmero 294 (2002), Páginas 99-106 _c; 21 cm |
||
| 520 | _aDurante las tres ultimas décadas, la investigación bíblica ha cambiado radicalmente. Tras casi dos siglos de leer la Biblia a través de la lente de un único método critico (el histórico), el campo tiene ahora cuatro paradigmas interpretativas rivales: los métodos histórico-críticos, la crítica literaria. La crítica científico social y los estudios culturales (o crítica ideológica). Muchos son los factores que provocaron los cambios en los paradigmas críticos y en las estrategias de lectura, pero uno parece ser más visible que los demás: la aparición del lector real, el lector de carne y hueso, el que pone sobre la mesa la voz del Otro. | ||
| 650 | 0 |
_91860 _aTeología de la prosperidad |
|
| 773 | 0 |
_tConcilium _049450 _960418 _gNúmero 294 (2002), Páginas 99-106 _qPáginas 99 |
|
| 942 | _cANA | ||
| 999 |
_c49978 _d49978 |
||